Centralismo y desarrollo regional en Chile
Uloženo v:
| Hlavní autor: | |
|---|---|
| Médium: | Kniha |
| Jazyk: | španělština |
| Vydáno: |
Talcahuano
s.n
1999
|
| Vydání: | 1a. ed |
| Témata: | |
| Tagy: |
Přidat tag
Žádné tagy, Buďte první, kdo vytvoří štítek k tomuto záznamu!
|
MARC
| LEADER | 00000cam a2200000 a 4500 | ||
|---|---|---|---|
| 001 | UCG2980 | ||
| 003 | CL-VaPUC | ||
| 008 | 100805e19991100cl |||||||||||||||||spa|d | ||
| 020 | |a 9562884244 | ||
| 082 | 0 | 4 | |a 352.283 |b ALV |2 21 |
| 100 | 0 | |a Alvez Catalán, Hernán |e author |9 551701 | |
| 245 | 1 | 0 | |a Centralismo y desarrollo regional en Chile |
| 250 | |a 1a. ed | ||
| 300 | |a 201 p | ||
| 942 | |c BK | ||
| 945 | |d 20100805 00:00:00 |a mfarfan | ||
| 260 | |a Talcahuano |b s.n |c 1999 | ||
| 650 | 7 | |a DESCENTRALIZACION |2 CL-VaPUC |9 311229 | |
| 650 | 7 | |a CENTRALISMO |2 CL-VaPUC |9 551702 | |
| 650 | 0 | |a Desarrollo regional |9 354599 | |
| 651 | 7 | |a CHILE |2 CL-VaPUC |9 551703 | |
| 583 | |a last modification |c 20140813 04:35:28 |k Rodrigo Vera | ||
| 999 | |c 342082 |d 342080 | ||
| 952 | |0 0 |1 0 |4 0 |6 352_283000000000000_ALV_1999 |7 0 |8 A |9 438040 |a BIBING |b BIBING |d 2019-11-22 |i 4701240 |o 352.283 ALV 1999 |p 4701240 |r 2025-01-20 |w 2019-11-22 |y BK |k GEO | ||